Atlanta Hawks leading scorer each game (2024-2025 season) - Statistics

General Stats
  • This quiz has been taken 12 times
  • The average score is 7 of 12
Answer Stats
# of games Player % Correct
41 Trae Young
100%
1 Clint Capela
91%
9 De'Andre Hunter
73%
6 Dyson Daniels
73%
10 Jalen Johnson
73%
5 Onyeka Okongwu
64%
5 Zaccharie Risacher
55%
1 Keaton Wallace
45%
1 Georges Niang
36%
1 Bogdan Bogdanovic
27%
1 Terance Mann
27%
1 Vit Krejci
27%
No matching quizzes found
Score Distribution
Percent of People with Each Score
Percentile by Number Answered
Your Score History
You have not taken this quiz